000 01077 a2200241 4500
005 2008091203153.0
008 080912t xxu||||| |||| 00| 0 hin d
010 _aHIN-80734
020 _a8121402026
_c250.00
035 _aHN-53080
037 _bD.B.Act / pub
082 _a
100 _aसागर,आनन्द
245 _aवाजिद अली शाह
_cआनन्द सागर
246 _aWajeed Ali Shah
_bby Aanand Sagar
260 _aनयी दिल्ली
_bनेशनल पब्लिशिंग हाउस
_c2006
270 _a2/35 अंसारी रोड,दरियागंज
_bजयपुर
_l011-23254407
_msales@nationalpublishinghouse.com
300 _a218पृ
_c23 सेमी (सजिल्द)
650 _aहिन्दी उपन्यास
650 _aHindi Novel
942 _adpl
_cHN
_kउ / सागर
_2ddc
_h
_mसागर
999 _c7005
_d7005